000 00758 a2200217 4500
005 20251121161144.0
008 251121b |||||||| |||| 00| 0 eng d
020 _a9781041115915 (hbk)
037 _cTB
040 _aAL
_cAL
041 _2eng
_aeng
084 _aV63.P R5
_qAL
100 _aJones, Megan
_9846945
245 _aRefractive realisms :
_bliterature, culture and the South African township
260 _aLondon, UK;
_aNew York, USA:
_bRoutledge Taylor & Francis Group,
_c2025.
300 _axii, 155p.
650 _aHistory
_9852864
650 _aSouth Africa History
_9852865
942 _cTB
_2CC
_n0
_hV63.P R5
999 _c1464269
_d1464269